00958cam a22002411 4500001001300000003000400013005001700017008004100034010001700075035001900092040002200111041001300133050001800146100002600164245008200190260006800272300001700340500002500357500018600382500010900568651002200677999001700699sa 68020322 DLC20260227112723.0750716s1962 xx 000 0 eng  asa 68020322  a(OCoLC)1451603 aDLCcOAUdIUdDLC1 aenghind00aDU744b.S79130 aSoekarno,d1901-1970.10aDutch public acceptance conditio sine qua non for resumption of negotiations. a[Djakarta]bDept. of Information, Republic of Indonesiac[1962] a8 p.c21 cm. a"Special issue, 91." a"Message of H. E. President Sukarno on the installation ceremony of the newly appointed Army Chief of Staff, two ambassadors and one minister at the Negara Palace on June 23, 1962." aTranslation of Amanat Presiden pada pelantikan Kasad Major Djendral Achmad Jani dan beberapa duta besar. 0aPapua (Indonesia) c89356d89356